000 00935nas a2200301 4500
001 BR2014008126
003 BR-BrBNA
005 20231205124840.0
007 ta
008 230509b bl.|||p| |||| 00| 00por d
040 _aBR-BrBNA
_bpor
_cBiblioteca Nacional de Agricultura
041 _a(En)
072 _aF50; F06
100 1 _aMelo, E.F.
100 1 _aFernandes-Brum, C.N.
100 1 _aPereira, F.J.
100 1 _aCastro, e.M. de
100 1 _aChalfun-Júnior, A.
245 1 _aAnatomic and physiological modifications in seedlings of Coffea arabica cultivar siriema under drought conditions
650 _aCAFÉ
650 _aMUDA
650 _aANATOMIA VEGETAL
650 _aIRRIGAÇÃO
650 _aCONDIÇÃO AMBIENTAL
773 0 _tCiência e Agrotecnologia (Brazil)
_xISSN 1413-7054
_g(Jan-Feb 2014), v. 38(1) p. 25-33
_wBR2014008126
909 _a202311
_bLúcia
_c55
_dLúcia Elande
942 _2AGRIS
_n0
_cANA
999 _c241227
_d241227